| 000 | 00467nam a22001931a 4500 | ||
|---|---|---|---|
| 001 | 2911 | ||
| 003 | OSt | ||
| 005 | 20260204211830.0 | ||
| 008 | 040429s1996||||dr ||||||b||||||||||spa|| | ||
| 050 | _aRD 863.081B651m | ||
| 082 | _aRD 808.8383 B651m | ||
| 100 | _aBosch, Juan | ||
| 245 | _aMujeres en la vida de Hostos / Juan Bosch | ||
| 250 | _a5 | ||
| 264 | _aSanto Domingo : Alfa y Omega | ||
| 300 | _a76 p. | ||
| 650 | _a1.Relato HistóricoÌ | ||
| 942 |
_2ddc _cBK |
||
| 999 |
_c2911 _d2911 |
||